000 00474nas a2200169 a 4500
001 4991
003 CDMR
005 20151125121308.0
008 130130d19902003sp ||||||||||||||||spa|d
022 _a1130-6491
040 _aCDMR
_bcat
_cCPC GIRONA
245 3 _aVoces y culturas
_c: revista de comunicación
260 _aBarcelona
_bVoces y Culturas
_c1990-2003
362 _aNúm. 1 (1990) - núm. 19 (febr. 2003)
650 0 4 _93211
_aComunicació i cultura
942 _cSER
_2udc
999 _c4991
_d4991